Internet starter kit for macintosh/book and disk / (Record no. 346040)
[ view plain ]
| 000 -LEADER | |
|---|---|
| fixed length control field | 01053 a2200205 4500 |
| 020 ## - INTERNATIONAL STANDARD BOOK NUMBER | |
| International Standard Book Number | 1568301979 |
| 020 ## - INTERNATIONAL STANDARD BOOK NUMBER | |
| International Standard Book Number | 9781568301976 |
| 082 04 - DEWEY DECIMAL CLASSIFICATION NUMBER | |
| Classification number | 004.67 |
| 090 ## - LOCALLY ASSIGNED LC-TYPE CALL NUMBER (OCLC); LOCAL CALL NUMBER (RLIN) | |
| -- | 3567 |
| -- | 3567 |
| 100 1# - MAIN ENTRY--PERSONAL NAME | |
| Personal name | Engst, Adam C. |
| 245 10 - TITLE STATEMENT | |
| Title | Internet starter kit for macintosh/book and disk / |
| Statement of responsibility, etc. | Adam C. Engst. |
| 250 ## - EDITION STATEMENT | |
| Edition statement | Bk&Dsk/3rd ed. |
| 260 ## - PUBLICATION, DISTRIBUTION, ETC. | |
| Place of publication, distribution, etc. | [S.l.] : |
| Name of publisher, distributor, etc. | Hayden Books, |
| Date of publication, distribution, etc. | 1995. |
| 300 ## - PHYSICAL DESCRIPTION | |
| Extent | 900 p. ; |
| Dimensions | 24 cm. |
| 500 ## - GENERAL NOTE | |
| General note | Paperback. |
| 520 ## - SUMMARY, ETC. | |
| Summary, etc. | The Internet is rapidly changing. Every day new programs are added and information is updated. With that in mind, Engst has written a guide that is beneficial to Macintosh users of the Internet, providing comprehensive coverage of a broad range of Internet topics. Also includes an introduction and history of the Internet. The disk contains software needed to get connected to the Internet. |
| 856 40 - ELECTRONIC LOCATION AND ACCESS | |
| Materials specified | Amazon.com |
| Uniform Resource Identifier | <a href="http://www.amazon.com/exec/obidos/ASIN/1568301979/chopaconline-20">http://www.amazon.com/exec/obidos/ASIN/1568301979/chopaconline-20</a> |
| 856 40 - ELECTRONIC LOCATION AND ACCESS | |
| Materials specified | Amazon customer reviews |
| Uniform Resource Identifier | <a href="http://www.chopac.org/cgi-bin/tools/azrev.pl?q=1568301979">http://www.chopac.org/cgi-bin/tools/azrev.pl?q=1568301979</a> |
| 942 ## - ADDED ENTRY ELEMENTS (KOHA) | |
| Institution code [OBSOLETE] | NBS |
| Koha item type | Book |
| Call number prefix | 004.67 ENG |
| Withdrawn status | Lost status | Damaged status | Not for loan | Permanent Location | Current Location | Shelving location | Date acquired | Total Checkouts | Full call number | Barcode | Date last seen | Date last checked out | Price effective from | Koha item type |
|---|---|---|---|---|---|---|---|---|---|---|---|---|---|---|
| Central Library (CL) | Central Library (CL) | First Floor - Data Communication/Network/Architecture | 08/28/2013 | 1 | 004.67 ENG | NBS786 | 11/22/2017 | 07/18/2017 | 08/28/2013 | Book | ||||
| NUST Baluchistan Campus (NBC) | NUST Baluchistan Campus (NBC) | First Floor - Data Communication/Network/Architecture | 08/28/2013 | 1 | 004.67 ENG | NBS785 | 11/22/2017 | 07/18/2017 | 08/28/2013 | Book |
